[Event "Budapest Spring Festival 2019"]
[Site "Budapest"]
[Date "2019.04.13"]
[Round "5.5"]
[White "Borhy, Marcell"]
[Black "Savchenko, Boris"]
[Result "1-0"]
[WhiteElo "2237"]
[BlackElo "2575"]
[Annotator "TA"]
[PlyCount "97"]
[EventDate "2019.04.09"]
[EventType "swiss"]
[EventCountry "HUN"]
[SourceTitle "playchess.com"]
[Source "ChessBase"]
[SourceQuality "1"]

{[%evp 16,97,37,29,46,0,0,5,7,-8,6,1,25,5,28,25,24,18,45,0,87,77,88,92,89,84,86,86,86,70,78,46,52,69,130,124,160,170,173,160,164,150,133,131,141,119,134,127,105,0,0,-17,-12,-16,0,0,-5,-19,0,0,3,11,24,22,38,45,105,0,6316,547,1215,1213,1021,1000,2346,2675,1964,1909,29955,5731,12849,6445,5210,5177]} 1. d4 g6 2. c4 Bg7 3. g3 c5 (3... Nf6 4. Bg2 d5 5. cxd5 Nxd5 6. Nf3 c5 7. e4 Nf6 8. e5 Nfd7 9. e6 fxe6 10. Ng5 Nf6 11. dxc5 Qxd1+ 12. Kxd1 O-O 13. Ke2 Na6 14. Nc3 {½-½ (27) Ding,L (2777)-Li,C (2732) Riadh 2017}) 4. d5 b5 5. cxb5 Qa5+ 6. Nc3 {A40: Unusual replies to 1 d4} a6 7. bxa6 Nf6 8. Bg2 d6 9. Bd2 {LiveBook: 5 Games} Qxa6 $146 ({Predecessor:} 9... Nbd7 10. Rb1 Nb6 11. b3 O-O 12. Qc2 Qxa6 13. e4 e6 14. dxe6 Bxe6 15. Nge2 d5 16. a4 Nxe4 17. Nxe4 dxe4 {0-1 (28) Kveinys,A (2539)-Tkachiev,V (2660) Drancy 2016}) 10. h4 Nbd7 11. b3 O-O 12. Nh3 Rb8 13. Rb1 Qa3 14. O-O Ne8 15. Qc1 Ra8 16. Bg5 Qa5 17. Bd2 Nc7 (17... Qa3 $11) 18. a4 $16 Na6 19. Nb5 $36 {[%mdl 2048] White is on the roll.} Nb4 20. Bh6 Ba6 21. Bxg7 Kxg7 22. Na3 Kg8 23. Nc4 Bxc4 24. Qxc4 Nb6 (24... Qa6 $14) 25. Qc1 N4xd5 26. Qh6 Qc3 27. Rfd1 {[%cal Bf1d1,Bd1d6,Bd6c6][%mdl 32]} ({Resist} 27. Ng5 $6 Qg7 $14) 27... e6 28. e4 Nf6 29. Rxd6 Rab8 30. Qc1 Qe5 31. Rc6 c4 32. a5 ({Don't play} 32. bxc4 $6 Nxa4 33. Rb5 Rxb5 $11) (32. b4 $16 {And now a5 would win.} Nxa4 33. Qxc4 (33. Rxc4 Nb6 $16)) 32... Qxa5 $11 33. bxc4 Nbd7 34. Ra1 Qe5 35. Qe1 Qb2 36. Qc1 Qb4 37. Rca6 Nc5 38. Ra7 Nb3 39. Qg5 Nxa1 40. Qxf6 {Strongly threatening Ng5.} Nb3 (40... Nc2 $1 $14) 41. h5 ({White has to play} 41. Ng5 $16 {[%cal Rg5f7]} Rb7 42. Rxb7 Qxb7 43. h5) 41... gxh5 $2 {[%mdl 8192]} (41... Nc5 $11) 42. Nf4 (42. Ng5 $142 {[%cal Rg5f7]} Rb7 43. Rxb7 Qxb7 44. e5) 42... Nc5 43. Nxh5 {[%csl Gh5][%cal Rf6g7] [#]} Qb2 44. Qh6 Rb4 45. Nf6+ Qxf6 46. Qxf6 Rxc4 47. Qg5+ Kh8 48. Qe5+ Kg8 49. Rc7 {Accuracy: White = 59%, Black = 43%.} 1-0

[Event "Budapest Spring Festival 2019"]
[Site "Budapest"]
[Date "2019.04.13"]
[Round "5.6"]
[White "Nisipeanu, Liviu-Dieter"]
[Black "Kantor, Gergely"]
[Result "1/2-1/2"]
[WhiteElo "2680"]
[BlackElo "2505"]
[Annotator "TA"]
[PlyCount "54"]
[EventDate "2019.04.09"]
[EventType "swiss"]
[EventCountry "HUN"]
[SourceTitle "playchess.com"]
[Source "ChessBase"]
[SourceQuality "1"]

{[%evp 11,54,0,4,6,13,0,0,0,0,0,0,0,0,0,0,0,0,0,10,0,9,0,1,-29,-22,-9,0,0,0,0,0,0,8,6,14,0,0,0,14,13,11,0,0,0,0]} 1. d4 Nf6 2. Nf3 d5 3. Bf4 Bf5 4. e3 e6 5. Bd3 Bxd3 6. Qxd3 Nbd7 7. O-O {D02: 1 d4 d5 2 Nf3 sidelines, including 2...Nf6 3 g3 and 2...Nf6 3 Bf4} Bd6 (7... Be7 8. h3 O-O 9. Nbd2 c5 10. c3 Qb6 11. Rab1 Rac8 12. Rfe1 Rfd8 13. Bg3 a6 14. Qe2 {½-½ (14) Golubov,S (2482)-Dreev,A (2670) St Petersburg 2018}) 8. Bxd6 cxd6 9. a4 $146 ({Predecessor:} 9. Nbd2 O-O 10. c4 dxc4 11. Nxc4 d5 12. Nce5 Nxe5 13. Nxe5 Nd7 14. Nxd7 Qxd7 15. Rac1 Rac8 16. Qd2 Rxc1 17. Rxc1 Rc8 18. Rxc8+ Qxc8 19. h4 h5 20. g3 Qc7 21. Kf1 {½-½ (21) Lazic,M (2466)-Romero Holmes,A (2480) Monastir 2014}) 9... O-O 10. a5 a6 11. Nbd2 {[%cal Bb1d2,Bd2c4,Bc4d6][%mdl 32]} Rc8 12. Rfc1 Nb8 13. Qa3 Nc6 14. c4 Qe7 15. cxd5 Nxd5 16. Nc4 Rcd8 17. e4 Nf6 18. e5 {The position is equal.} dxe5 {[#] Threatens to win with ...Qxa3.} 19. Qxe7 Nxe7 20. dxe5 Nfd5 21. Nd6 Rb8 22. g3 h6 23. h4 Rfd8 24. h5 f6 25. Ne4 Nc6 26. exf6 Nxf6 27. Nc5 Rd6 {Accuracy: White = 63%, Black = 61%.} 1/2-1/2

[Event "Budapest Spring Festival 2019"]
[Site "Budapest"]
[Date "2019.04.13"]
[Round "5.7"]
[White "Erdos, Viktor"]
[Black "Swayams, Mishra"]
[Result "1-0"]
[WhiteElo "2610"]
[BlackElo "2478"]
[Annotator "TA"]
[PlyCount "121"]
[EventDate "2019.04.09"]
[EventType "swiss"]
[EventCountry "HUN"]
[SourceTitle "playchess.com"]
[Source "ChessBase"]
[SourceQuality "1"]

{[%evp 9,121,0,16,24,22,16,20,20,33,37,33,31,28,27,37,35,25,9,33,20,68,37,60,58,66,46,68,70,81,82,81,67,70,67,83,85,86,82,96,87,95,81,111,99,181,110,113,114,122,122,122,122,143,141,133,120,125,120,141,139,154,154,145,132,259,246,243,231,302,297,288,296,302,295,277,290,295,267,325,275,373,351,342,324,338,341,450,430,405,407,594,585,668,663,649,642,637,702,701,676,643,637,4922,4037,29972,29974,29961,29961,29977,29978,29978,29979,29981,29982]} 1. Nf3 Nf6 2. c4 e6 3. g3 d5 4. d4 Bb4+ 5. Bd2 Bd6 (5... Be7 6. Bg2 O-O 7. O-O c6 8. Qc2 Nbd7 9. Bf4 b6 10. Rd1 Ba6 11. cxd5 cxd5 12. Ne5 Nxe5 13. dxe5 Ng4 14. Bf3 f5 15. exf6 Nxf6 16. Qa4 Bb7 17. Nd2 Qe8 18. Qxe8 Rfxe8 {½-½ (29) Giri,A (2783)-Ding,L (2813) Wijk aan Zee 2019}) 6. Bg2 {E01: Catalan: Early deviations} c6 7. O-O Nbd7 8. Qb3 {The position is equal.} Ne4 9. Bb4 Bxb4 $146 ({Predecessor:} 9... Qe7 10. Bxd6 Nxd6 11. Nbd2 b5 12. c5 Nc4 13. Nxc4 dxc4 {1-0 (41) Li,B (2361)-Marin,S (2030) Shenzhen 2018}) 10. Qxb4 a5 11. Qb3 a4 12. Qc2 O-O 13. Nfd2 Nxd2 14. Nxd2 f5 15. b4 Qb6 16. Qc3 Nf6 17. e3 Bd7 18. Nf3 Rfc8 19. Ne5 Be8 20. Rfc1 Qd8 21. c5 Bh5 22. Rc2 Nd7 23. Nd3 g5 24. Rb1 Ra7 25. Qd2 Rca8 26. b5 Qa5 {[#]} (26... a3 $16) 27. Qc1 (27. Nb4 $1 $18) 27... Qd8 $16 28. a3 h6 29. Rcb2 Qc8 30. Qd2 Ra5 31. h3 R5a7 32. Kh2 Kg7 33. Rb4 Kg8 34. f4 Qd8 35. bxc6 bxc6 36. Rb7 Qc8 (36... Kh8 $16 37. R7b4 g4) 37. Rxa7 $18 Rxa7 38. fxg5 hxg5 39. e4 $1 Qd8 40. Nb4 Nb8 41. exf5 exf5 42. Qe3 Kh7 43. Qe6 Bf7 44. Qe5 ({Not} 44. Qxf5+ Bg6 $11) 44... Rc7 45. Rb2 {[%cal Bb1b2,Bb2e2,Be2e7][%mdl 32]} Bg6 46. Nd3 {[%cal Bb4d3,Bd3f2,Bf2g4,Bg4f6][%mdl 32]} f4 47. Nf2 Nd7 48. Qd6 fxg3+ 49. Kxg3 Ra7 (49... Qc8 $142 50. Ng4 Ra7) 50. Re2 Qc7 51. Re7+ Kg8 52. Ng4 Qxd6+ 53. cxd6 Kf8 {[#]} 54. Nf6 $1 {[%mdl 512]} Bf5 (54... Nxf6 55. Rxa7) 55. h4 gxh4+ 56. Kxh4 Rb7 57. Kg5 {White mates.} Rb2 58. Kxf5 Rf2+ 59. Ke6 {[%csl Ge6][%cal Re7f7]} Nxf6 60. Rf7+ {[%mdl 64] Double Attack} Ke8 61. d7+ {Accuracy: White = 80%, Black = 38%.} 1-0

[Event "Budapest Spring Festival 2019"]
[Site "Budapest"]
[Date "2019.04.13"]
[Round "5.8"]
[White "Henderson de La Fuente, Lance"]
[Black "Ter-Sahakyan, Samvel"]
[Result "0-1"]
[WhiteElo "2471"]
[BlackElo "2601"]
[Annotator "TA"]
[PlyCount "46"]
[EventDate "2019.04.09"]
[EventType "swiss"]
[EventCountry "HUN"]
[SourceTitle "playchess.com"]
[Source "ChessBase"]
[SourceQuality "1"]

{[%evp 9,46,37,34,7,19,0,21,0,2,-1,8,-33,20,0,18,7,6,3,10,-64,-58,-205,-197,-206,-181,-147,-139,-202,-154,-141,-109,-862,-850,-986,-981,-1368,-1374,-1258,-637]} 1. e4 c6 2. Nc3 d5 3. Nf3 dxe4 4. Nxe4 Nf6 5. Qe2 Bf5 (5... Qd5 6. Nc3 Qh5 7. Qe5 Qxe5+ 8. Nxe5 Bf5 9. Bc4 e6 10. d3 Nbd7 11. Nxd7 Nxd7 12. O-O Be7 13. a4 {0-1 (51) Harikrishna,P (2729)-Karjakin,S (2753) Kolkata 2018}) 6. d3 {B11: Caro-Kann: Two Knights Variation} e6 7. Bd2 Nbd7 {[%cal Bb8d7,Bd7b6,Bb6a4][%mdl 32]} 8. O-O-O {The position is equal.} Be7 $146 ({Predecessor:} 8... Qb6 9. Nxf6+ Nxf6 10. Ne5 Qd4 11. f4 h5 12. g3 Bd6 13. Bg2 Bxe5 14. Qxe5 Qxe5 15. fxe5 {1-0 (25) Lu,S (2641)-Bogdanovich,S (2564) Sanya 2017}) 9. h3 Qb6 10. Bc3 O-O-O ({Black should play} 10... Bxe4 $15 11. dxe4 O-O) 11. Nfd2 Qa6 12. Kb1 Nb6 13. g4 Bg6 14. Bg2 ({Better is} 14. Nxf6 $11 gxf6 15. Nb3) 14... Na4 $1 $15 15. Ka1 (15. Qe1 $15) 15... Nd5 $1 $19 16. Bxg7 Nb4 17. Kb1 Rhg8 $1 {[%cal Rg8g7]} 18. Be5 (18. a3 $17 Nxc2 19. Kxc2 Rxg7 20. Nc4) 18... Rd5 19. Nc4 {And now a3 would win.} ({Avoid the trap} 19. Nf6 $2 {[#]} Nxb2 $1 {[%mdl 512]} 20. a3 Qxa3 $1 $19 {[%mdl 512]}) 19... Nxa2 20. Qd2 $2 {[%mdl 8192]} (20. f4 $17 Rgd8 21. f5 exf5 22. Ned2) 20... Bxe4 {Black is clearly winning.} 21. Bxe4 {[#]} Rxe5 $1 {[%mdl 576] Remove Defender} 22. Nxe5 {[#]} N2c3+ $1 {[%mdl 576] Double Attack} 23. Kc1 (23. bxc3 Qb6+) 23... Bg5 {Accuracy: White = 16%, Black = 74%.} 0-1

[Event "Budapest Spring Festival 2019"]
[Site "Budapest"]
[Date "2019.04.13"]
[Round "5.9"]
[White "Markus, Robert"]
[Black "Asadli, Vugar"]
[Result "1/2-1/2"]
[WhiteElo "2600"]
[BlackElo "2454"]
[Annotator "TA"]
[PlyCount "60"]
[EventDate "2019.04.09"]
[EventType "swiss"]
[EventCountry "HUN"]
[SourceTitle "playchess.com"]
[Source "ChessBase"]
[SourceQuality "1"]

{[%evp 10,60,10,5,17,0,21,0,6,0,22,15,25,0,0,0,0,0,-13,0,0,0,0,-15,0,0,0,-40,-42,-46,-52,-41,-46,-75,0,-14,-10,-16,-17,-13,-16,-9,-7,0,68,68,61,61,61,61,59,66,66]} 1. d4 Nf6 2. Nf3 g6 3. c3 Bg7 4. Bf4 O-O 5. Nbd2 d6 6. e4 b6 {A48: 1 d4 Nf6 2 Nf3 g6: Torre, London and Colle Systems} (6... Nc6 7. Bc4 Qe8 8. h3 e5 9. dxe5 Nxe5 10. Nxe5 dxe5 11. Be3 b6 12. g4 Be6 13. Qb3 Bd7 14. Qc2 a5 {1-0 (60) Andreikin,D (2720)-Sasikiran,K (2639) Berlin 2015}) 7. Be2 Bb7 8. Qc2 Nbd7 {The position is equal.} 9. O-O $146 ({Predecessor:} 9. h3 Qe8 10. Bh2 e5 11. d5 c6 12. Nc4 Qe7 13. dxc6 Bxc6 {½-½ (74) Hein,A (2310)-Schirm,F (2290) Germany 1997}) 9... Nh5 10. Be3 e5 11. dxe5 dxe5 12. Rfd1 Qe7 13. Nc4 a5 14. a4 Nf4 15. Bf1 $1 Nc5 16. Nfd2 f5 {[%cal Rc5e4]} 17. Bxc5 Qxc5 18. Ne3 Kh8 19. Re1 Rad8 20. Rad1 Qe7 21. g3 {[#]} Qg5 (21... Ne6 $1 $17) 22. h4 $11 Qh5 23. gxf4 exf4 24. Be2 Qxh4 25. Ng2 $1 {[%cal Rg2h4]} Qh6 26. f3 $1 g5 (26... Rd6 $11) 27. exf5 $14 {White is slightly better.} g4 28. fxg4 Qh3 {[%csl Gb7][%cal Rh3g2] [#]} 29. Ne4 $1 {Black must now prevent Rxd8.} Rxd1 $1 30. Bxd1 f3 $1 {Accuracy: White = 77%, Black = 62%.} 1/2-1/2

[Event "Budapest Spring Festival 2019"]
[Site "Budapest"]
[Date "2019.04.13"]
[Round "5.10"]
[White "Timofeev, Artyom"]
[Black "Akesson, Ralf"]
[Result "1-0"]
[WhiteElo "2593"]
[BlackElo "2346"]
[Annotator "ChessBase"]
[PlyCount "47"]
[EventDate "2019.04.09"]
[EventType "swiss"]
[EventCountry "HUN"]
[SourceTitle "playchess.com"]
[Source "ChessBase"]
[SourceQuality "1"]
[TimeControl "40/5400+30:1800+30"]

1. e4 {[%emt 0:00:04]} c5 {[%emt 0:05:02]} 2. Nf3 {[%emt 0:00:21]} Nc6 {[%emt 0:00:37]} 3. Nc3 {[%emt 0:01:52]} e6 {[%emt 0:01:03]} 4. d4 {[%emt 0:00:46]} cxd4 {[%emt 0:00:07]} 5. Nxd4 {[%emt 0:00:06]} Qc7 {[%emt 0:00:42]} 6. g4 {[%emt 0:03:09]} a6 {[%emt 0:02:28]} 7. h4 {[%emt 0:00:15]} b5 {[%emt 0:05:15]} 8. Nxc6 {[%emt 0:07:09]} dxc6 {[%emt 0:09:18]} 9. Qf3 {[%emt 0:02:07]} Bb7 {[%emt 0:07:07]} 10. Bf4 {[%emt 0:03:40]} e5 {[%emt 0:04:24]} 11. Bg3 {[%emt 0:01:22]} Bd6 {[%emt 0:10:21]} 12. O-O-O {[%emt 0:00:57]} Ne7 {[%emt 0:02:22]} 13. g5 {[%emt 0:12:17]} h5 {[%emt 0:02:55]} 14. gxh6 {[%emt 0:09:22]} Rxh6 {[%emt 0:00:35]} 15. h5 {[%emt 0:00:06]} f6 {[%emt 0:10:48]} 16. Bh3 {[%emt 0:02:14]} Bc8 {[%emt 0:01:23]} 17. Bxc8 {[%emt 0:02:50]} Nxc8 {[%emt 0:03:31]} 18. Qd3 {[%emt 0:02:39]} Be7 {[%emt 0:03:23]} 19. Qe2 {[%emt 0:11:53]} Nb6 {[%emt 0:08:04]} 20. Qg4 {[%emt 0:00:20]} Kf7 {[%emt 0:01:23]} 21. f4 {[%emt 0:02:26]} Bd6 {[%emt 0:00:51]} 22. Rhg1 {[%emt 0:02:41]} Rg8 {[%emt 0:02:42]} 23. fxe5 {[%emt 0:06:08]} Bxe5 {[%emt 0:01:45]} 24. Bf2 {[%emt 0:02:14]} 1-0

[Event "Budapest Spring Festival 2019"]
[Site "Budapest"]
[Date "2019.04.13"]
[Round "5.11"]
[White "Nguyen, Piotr"]
[Black "Horvath, Adam"]
[Result "0-1"]
[WhiteElo "2427"]
[BlackElo "2533"]
[Annotator "ChessBase"]
[PlyCount "64"]
[EventDate "2019.04.09"]
[EventType "swiss"]
[EventCountry "HUN"]
[SourceTitle "playchess.com"]
[Source "ChessBase"]
[SourceQuality "1"]
[TimeControl "40/5400+30:1800+30"]

1. d4 {[%emt 0:00:03]} Nf6 {[%emt 0:02:27]} 2. c4 {[%emt 0:00:08]} e6 {[%emt 0:00:12]} 3. Nc3 {[%emt 0:00:07]} Bb4 {[%emt 0:00:24]} 4. e3 {[%emt 0:00:18]} O-O {[%emt 0:00:25]} 5. Nge2 {[%emt 0:00:13]} Re8 {[%emt 0:00:30]} 6. a3 {[%emt 0:00:33]} Bf8 {[%emt 0:00:05]} 7. d5 {[%emt 0:01:53]} a5 {[%emt 0:00:43]} 8. Ng3 {[%emt 0:14:30]} Na6 {[%emt 0:02:16]} 9. Bd3 {[%emt 0:03:11]} Nc5 {[%emt 0:14:29]} 10. Bc2 {[%emt 0:01:36]} exd5 {[%emt 0:04:34]} 11. cxd5 {[%emt 0:01:29]} g6 {[%emt 0:15:47]} 12. O-O {[%emt 0:08:37]} b5 {[%emt 0:03:14]} 13. Re1 {[%emt 0:05:15]} Bb7 {[%emt 0:18:21]} 14. e4 {[%emt 0:03:15]} b4 {[%emt 0:00:04]} 15. Na4 {[%emt 0:08:40]} Nxa4 {[%emt 0:15:27]} 16. Bxa4 {[%emt 0:01:06]} Bg7 {[%emt 0:00:59]} 17. axb4 {[%emt 0:11:00]} axb4 {[%emt 0:00:09]} 18. Bg5 {[%emt 0:00:10]} h6 {[%emt 0:02:19]} 19. Bd2 {[%emt 0:00:13]} Qb8 {[%emt 0:07:59]} 20. Qc2 {[%emt 0:09:59]} c6 {[%emt 0:02:13]} 21. dxc6 {[%emt 0:09:43]} Bxc6 {[%emt 0:00:20]} 22. Bxc6 {[%emt 0:00:21]} Rxa1 {[%emt 0:00:07]} 23. Rxa1 {[%emt 0:00:02]} dxc6 {[%emt 0:01:32]} 24. Qxc6 {[%emt 0:02:36]} h5 {[%emt 0:04:59]} 25. Re1 {[%emt 0:04:56]} Ng4 {[%emt 0:00:33]} 26. Bxb4 {[%emt 0:04:41]} Bd4 {[%emt 0:01:50]} 27. Bd6 {[%emt 0:04:06]} Bxf2+ {[%emt 0:00:59]} 28. Kf1 {[%emt 0:00:36]} Qd8 {[%emt 0:00:21]} 29. Ra1 {[%emt 0:02:52]} Kh7 {[%emt 0:00:24]} 30. Ra3 {[%emt 0:01:48]} Re6 {[%emt 0:00:40]} 31. e5 {[%emt 0:00:57]} Bxg3 {[%emt 0:00:13]} 32. Ra8 {[%emt 0:00:34]} Rxe5 {[%emt 0:00:37]} 0-1

[Event "Budapest Spring Festival 2019"]
[Site "Budapest"]
[Date "2019.04.13"]
[Round "5.12"]
[White "Ruff, Maximilian"]
[Black "Shyam, Sundar M."]
[Result "0-1"]
[WhiteElo "2313"]
[BlackElo "2519"]
[Annotator "TA"]
[PlyCount "90"]
[EventDate "2019.04.09"]
[EventType "swiss"]
[EventCountry "HUN"]
[SourceTitle "playchess.com"]
[Source "ChessBase"]
[SourceQuality "1"]

{[%evp 11,90,2,0,0,4,0,7,0,0,0,0,0,0,-3,-2,-2,0,-4,-4,-8,-9,0,-11,-20,-13,-14,-15,-10,0,-24,-23,-23,-20,-23,-23,-83,-83,-92,-83,-102,-98,-108,-99,-131,-131,-122,-75,-75,-75,-75,-75,-77,-75,-75,-75,-81,-75,-94,-96,-272,-272,-332,-329,-549,-535,-4134,-4674,-3628,-3113,-1575,-1179,-29968,-29967,-29969,-29970,-29978,-29979,-12833,-5002,-29987,-29988]} 1. d4 Nf6 2. c4 e6 3. Nc3 Bb4 4. Qc2 O-O 5. Nf3 d5 6. cxd5 exd5 7. Bf4 {E32: Nimzo-Indian: Classical (4 Qc2): 4...0-0} (7. Bg5 h6 8. Bh4 c5 9. e3 cxd4 10. Nxd4 Nc6 11. Nxc6 bxc6 12. a3 Bxc3+ 13. Qxc3 d4 14. Qxd4 Qxd4 15. exd4 {½-½ (28) Laznicka,V (2662)-Gelfand,B (2703) Novy Bor 2018}) 7... c5 8. dxc5 Qa5 9. Rc1 {The position is equal.} Qxa2 $146 ({Predecessor:} 9... Ne4 10. e3 Nd7 11. Bd3 Ndxc5 12. O-O Bxc3 13. bxc3 b6 14. Be2 Ba6 {0-1 (67) Ruff,M (2306)-Annaberdiev,M (2513) Boeblingen 2018}) 10. e3 Ne4 11. Bd3 Bxc3+ 12. bxc3 Qxc2 13. Bxc2 Be6 14. Rb1 Nd7 15. Rxb7 {And now c6 would win.} Ndxc5 16. Rc7 Rfc8 17. O-O Nxc3 {Threatens to win with ...Ne2+.} 18. Nd4 Rxc7 19. Bxc7 Rc8 20. Bf4 (20. Ba5 $5 {[%cal Ra5c3]} Nb7 21. Ra1 $11) 20... a5 21. Ra1 a4 22. f3 Bd7 23. Kf2 {[#]} (23. Bd6 $11) 23... Nb5 $1 $17 24. Nxb5 Bxb5 25. Ke1 Nb3 26. Ra2 f6 27. Bxb3 axb3 {[%mdl 4096] Endgame KRB-KRB} 28. Rb2 Ba4 29. Kd2 Kf7 30. Bd6 Rc4 31. Bb8 Ke6 32. Ba7 g5 33. Bd4 f5 34. Bc3 f4 {aiming for ...fxe3+.} 35. exf4 $2 (35. Bd4 $17) 35... d4 $19 ({Weaker is} 35... gxf4 36. Kd3 $17) (35... Rxf4 36. Ke3 $17) 36. Ba5 gxf4 37. Kd3 $2 {[#]} (37. h4 {keeps fighting.}) 37... Kd5 $1 38. g3 fxg3 39. hxg3 Bb5 {[%csl Gb3][%cal Rc4c2]} 40. Kd2 Ra4 41. Bc7 Kc4 42. Bf4 Bc6 43. Rb1 Ra2+ 44. Ke1 b2 (44... Bxf3 $142 45. Kf1 Be4 46. Rc1+ Kd5) 45. Kd2 Bxf3 {Accuracy: White = 47%, Black = 88%.} 0-1

[Event "Budapest Spring Festival 2019"]
[Site "Budapest"]
[Date "2019.04.13"]
[Round "5.13"]
[White "Bernadskiy, Vitaliy"]
[Black "Mehar, Chinna Reddy C.H."]
[Result "1/2-1/2"]
[WhiteElo "2587"]
[BlackElo "2348"]
[Annotator "TA"]
[PlyCount "46"]
[EventDate "2019.04.09"]
[EventType "swiss"]
[EventCountry "HUN"]
[SourceTitle "playchess.com"]
[Source "ChessBase"]
[SourceQuality "1"]

{[%evp 25,46,44,33,42,46,34,25,8,50,7,0,0,0,0,0,-26,-12,-18,-8,-1,0,-35,53]} 1. e4 c5 2. Nf3 d6 3. d4 cxd4 4. Nxd4 Nf6 5. Nc3 Nc6 6. Bg5 e6 7. Qd2 a6 8. O-O-O Bd7 9. f4 Be7 10. Nf3 b5 11. Bxf6 gxf6 12. Kb1 Qb6 13. f5 O-O-O 14. g3 {B69: Sicilian: Richter-Rauzer: 7...a6 8 0-0-0 Bd7 9 f4 Be7 10 Nf3 b5 11 Bxf6} Kb8 (14... Na5 15. Bh3 Nc4 16. Qe2 Rhe8 17. Nd4 Bf8 18. Qh5 b4 19. fxe6 fxe6 20. Nce2 Kb8 21. Nf4 f5 22. exf5 Nxb2 23. Kxb2 {0-1 (75) Ragger,M (2701)-Salgado Lopez,I (2624) Germany 2018}) 15. Bh3 Na5 16. a3 $146 {White has an edge.} ({Predecessor:} 16. fxe6 fxe6 17. b3 b4 18. Ne2 Nb7 19. Rhe1 Nc5 20. Nf4 Qb7 21. Nd4 e5 22. Bxd7 Rxd7 {½-½ (45) Yeletsky,I (2412)-Grachev,A (2277) Ekaterinburg 2018}) 16... Nc4 17. Qd4 Qb7 18. Nd2 Rc8 $1 19. fxe6 fxe6 {[#] White must now prevent ...e5.} 20. Bf1 {[%cal Rf1c4]} Nxd2+ 21. Rxd2 Rc5 22. Bg2 {Threatens to win with e5!} Bc6 23. Rhd1 h5 {Accuracy: White = 29%, Black = 68%.} (23... Rc8 $15) 1/2-1/2

[Event "Budapest Spring Festival 2019"]
[Site "Budapest"]
[Date "2019.04.13"]
[Round "5.14"]
[White "Hakobyan, Aram"]
[Black "Hando, Vilmos"]
[Result "1-0"]
[WhiteElo "2554"]
[BlackElo "2382"]
[Annotator "TA"]
[PlyCount "171"]
[EventDate "2019.04.09"]
[EventType "swiss"]
[EventCountry "HUN"]
[SourceTitle "playchess.com"]
[Source "ChessBase"]
[SourceQuality "1"]

{[%evp 22,171,20,14,18,11,30,17,40,47,35,20,33,24,52,43,87,75,86,26,40,0,19,0,11,18,26,15,20,23,20,10,14,13,31,14,30,14,52,33,91,90,81,97,88,75,168,172,145,141,143,81,398,362,354,35,81,63,85,0,0,0,0,0,0,0,0,0,31,31,35,31,35,0,895,862,607,0,0,0,0,0,0,0,0,0,0,0,0,0,0,0,36,0,900,195,199,181,179,0,90,0,31,31,31,0,0,0,148,145,145,0,0,0,0,0,10292,6170,29960,29961,29967,29969,29967,29969,29970,29970,29975,29973,29972,29974,29974,29974,29974,29975,29975,29976,29976,29977,29977,29978,29978,29979,29979,29980,29981,29981,29981,29982,29982,29983,29983,29984]} 1. e4 c6 2. d4 d5 3. Nc3 dxe4 4. Nxe4 Bf5 5. Ng3 Bg6 6. Nf3 Nd7 7. h4 h6 8. h5 Bh7 9. Bd3 Bxd3 10. Qxd3 e6 11. Bd2 Ngf6 12. O-O-O a5 {B19: Classical Caro-Kann: 4...Bf5 main line} 13. Kb1 (13. Nf1 a4 14. Ne3 Be7 15. g4 Nd5 16. c4 Nxe3 17. Bxe3 Qa5 18. Qc2 O-O-O 19. Kb1 Kb8 20. Bf4+ {½-½ (53) Anand,V (2773)-Karjakin,S (2753) Kolkata 2018}) 13... Bb4 14. Bc1 a4 {The position is equal.} 15. a3 Be7 16. Qe2 $146 ({Predecessor:} 16. Ne4 Nxe4 17. Qxe4 Nf6 18. Qe2 Qd5 19. Ne5 Qe4 20. Qf1 {½-½ (37) Burg,T (2485)-Ducarmon,Q (2410) Belgium 2012}) 16... b5 17. Ne5 Qb6 18. Ne4 b4 19. axb4 Bxb4 20. Ka2 (20. Rh3 $16) 20... Be7 21. Nxd7 Nxd7 22. Rh3 Qa6 (22... Nf6 {seems wilder.} 23. Bf4 O-O 24. Rg3 Rfb8 25. Nxf6+ Bxf6 26. Bxb8 Rxb8 27. c3 Qb3+) 23. Qxa6 Rxa6 24. g4 Nf6 25. Nxf6+ Bxf6 26. f4 Be7 27. c4 Kd7 28. c5 Raa8 29. Ra3 Rhg8 30. g5 g6 (30... Rh8 $14) 31. hxg6 $16 Rxg6 {[%cal Rh6g5]} 32. f5 $1 {[%cal Rf5g6]} exf5 33. gxh6 Bg5 (33... Rg4 $16 {keeps fighting.}) 34. Bxg5 $18 Rxg5 {[%mdl 4096] Endgame KRR-KRR} 35. Rh1 f4 36. Rh4 (36. h7 $142 Rh8 37. Rxa4) 36... Rf5 $2 {[%mdl 8192]} (36... Ke6 $16) 37. Rf3 $1 Rh8 38. Rhxf4 $2 (38. Ka3 $18) 38... Rxf4 $14 39. Rxf4 Rxh6 40. Rxf7+ $18 {KR-KR} ({Better is} 40. Ka3 $1 $16) 40... Ke6 $11 41. Ra7 (41. Rf8 {is interesting.} Kd5 42. Rd8+ Kc4 43. Rd6 Rh2 44. Rxc6 Kxd4 45. Ka3) 41... Kd5 42. Rxa4 Rh4 43. Ka3 Rh3+ 44. b3 {Hoping for Ra7.} Rc3 45. Kb2 Rd3 46. Rb4 Rh3 47. Rc4 Rd3 $2 {[%mdl 8192]} (47... Rh7 $11) 48. Ka3 $1 $18 Rd1 {[#]} 49. Rb4 $2 (49. Ka4 $1 $18 {[%cal Ra4a5]} Re1 50. Rc2) 49... Ra1+ $11 50. Kb2 Rd1 51. Kc3 Rc1+ 52. Kd2 Rh1 53. Ra4 Rh4 54. Kc3 Rh3+ 55. Kb2 $1 Rh2+ 56. Ka3 {Black must now prevent Ra7.} Rd2 57. Rc4 Rd3 $2 {[%mdl 8192] [#]} (57... Rd1 $11) 58. Ka4 $1 $18 Rh3 59. Rb4 Rh8 {[%cal Rh8a8]} 60. Ka3 $2 ({Only move:} 60. Rb6 $18) 60... Rh4 (60... Rc8 $11 {remains equal.}) 61. Ra4 ({White should try} 61. Rb8 $16 Rxd4 62. b4) 61... Rg4 62. Rc4 Rg8 63. Rb4 Rc8 64. Ra4 Rc7 (64... Rf8 $11) 65. Kb2 Rh7 66. Kc3 (66. Ra6 $16) 66... Rh3+ $11 67. Kb4 Rd3 68. Ka3 Rh3 $2 {[%mdl 8192]} (68... Rc3 $11) 69. Ra8 $18 Kxd4 70. Kb4 {White mates.} Rh6 71. Rd8+ Ke5 72. Ka5 Rh3 73. b4 Ra3+ 74. Kb6 Rb3 75. Kxc6 Rxb4 76. Re8+ Kf6 77. Kc7 Kf7 78. Re2 Rc4 79. c6 Rc1 80. Kd7 Rd1+ 81. Kc8 Rc1 82. c7 Rc3 83. Rb2 Ke7 84. Kb8 Kd7 85. Rd2+ Ke7 86. c8=Q {Accuracy: White = 53%, Black = 42%.} 1-0